Statistics for Countries of Europe Quiz - Expanded

Click here to take the quiz!

General Stats

  • This quiz has been taken 173 times
  • The average score is 52 of 62

Answers on the Map

Answers color-coded by a green-red scale on the quiz's map according to % correct below.
 

Answer Stats

Country% Correct
Isle of Mann
98%
Spain
98%
Iceland
97%
Ireland
97%
United
Kingdom
97%
France
96%
Italy
95%
Norway
95%
Portugal
95%
Belgium
94%
Denmark
94%
Finland
94%
Germany
94%
Netherlands
94%
Sweden
94%
Andorra
93%
Austria
93%
Estonia
93%
Greece
93%
Lithuania
93%
Luxembourg
93%
Poland
93%
Romania
93%
Russia
93%
Slovakia
93%
Switzerland
93%
Turkey
93%
Belarus
92%
Latvia
92%
San Marino
92%
Vatican City
92%
Albania
91%
Czech
Republic
91%
Hungary
91%
Slovenia
91%
Ukraine
91%
Bulgaria
90%
Croatia
90%
Malta
90%
Monaco
90%
Bosnia and
Herzegovina
89%
Cyprus
89%
Liechtenstein
89%
Kosovo
88%
Macedonia
88%
Montenegro
88%
Serbia
88%
Moldova
87%
Georgia
84%
Armenia
83%
Azerbaijan
83%
Gibraltar
83%
Jersey
73%
Faroe Islands
72%
Guernsey
64%
South Ossetia
51%
Northern Cyprus
50%
Abkhazia
45%
Transnistria
45%
Artsakh
33%
Jan Mayen
24%
Akrotiri and
Dhekelia
17%

Score Distribution

Percentile by Number Answered

Percent of People with Each Score

Your Score History

You have not taken this quiz